Statistieken voor Hoofdsteden die het Diepst in het Territorium van hun Land liggen

Klik hier om de quiz te nemen!

Algemene statistieken

  • Deze quiz is 49 keer genomen
  • De gemiddelde score is 8 van 16

Antwoordstatistieken

kmContinentHoofdstad% Correct
872Zuid-AmerikaBrasilia
92%
401EuropaMoskou
90%
246Noord-AmerikaMexico-Stad
74%
246EuropaMadrid
69%
339Zuid-AmerikaBogota
64%
280AziëNew Delhi
54%
397AfrikaAddis Abeba
44%
291AziëAstana
44%
195AziëUlaanbaatar
44%
212AfrikaPretoria
38%
364AziëRiyad
36%
373AfrikaKhartoem
33%
319Zuid-AmerikaSucre
33%
355AfrikaAbuja
26%
263AfrikaWindhoek
26%
336AfrikaDodoma
23%

Scoreverdeling

Percentiel versus Aantal Correcte Antwoorden

Procent van Mensen met Elke Score

Uw Scoregeschiedenis

U heeft deze quiz nog niet genomen